| 000 | 00965nam a2200265Ia 4500 | ||
|---|---|---|---|
| 001 | 21985 | ||
| 005 | 20260320113331.0 | ||
| 008 | 260320s9999||||xx |||||||||||||| ||und|| | ||
| 020 | _a9788434433311 | ||
| 041 | _aESP | ||
| 082 |
_a650.1 _bCH554 |
||
| 100 |
_aChinchilla, Nuria, _eAUT |
||
| 245 | 0 |
_aIntegrar la vida : _bliderar con éxito la trayectoria profesional y personal en un mundo global |
|
| 246 |
_a _5 _b |
||
| 250 | _aPrimera edición, sexta reimpresión | ||
| 260 |
_aBarcelona : _bAriel, _c2025 |
||
| 300 |
_a191 páginas : _bilustraciones, cuadros ; _c23 cm. _e |
||
| 440 |
_a _n _v |
||
| 650 | _aTCA | ||
| 653 | _aExito personal en los negocios; Desarrollo personal; Liderazgo; Conciliación | ||
| 654 | _aCCO | ||
| 700 |
_aJiménez, Esther; García-Lombardía, Pilar, _cAUTS |
||
| 856 |
_uhttps://0u20ymupm-y-https-www-bibliotechnia-com-mx.itmsp.museknowledge.com/ _zVéase además: Base de datos BiblioTechnia |
||
| 942 |
_cLIB _dJUS _fMAT _2ddc _n |
||
| 999 |
_c21985 _d21985 |
||